1352 1863 1728 1609 1176 1238 1405 1031 1837 1969 1944 1456 1555 1375 1180 1570 1265 1488 1842 1203 1316 1535 1054 1748 1326 1530 1203 1826 1089 1691 1932 1802 1694 1190 1385 1553 1835 1424 1655 1781 1889 1250 1297 1850 1277 1656 1801 1406 1746 1029 1991 1833 1671 1715 1429 1306 1807 1409 1634 1490 1799 1120 1602 1093 1122 1479 1705 1938 1569 1701 1148 1316 1564 1059 1985 1109 1695 1381 1756 1644 1597 1991 1435 1676 1581 1002 1383 1685 1044 1145 1293 1812 1484 1284 1668 1117 1050 1565 1036 BCNSPRNW ULIB Ver.6.0+V

เปลี่ยนเป็นภาษาไทย

Change to English
 แสดงรายละเอียดบรรณานุกรม
  กลับหน้าหลัก

Brief Record : Get Marc (ISO 2709) : E-mail record : QR code < ปิดหน้าต่าง
LEADER : 00000nam 2200000uu 4500
001    13399122059
003     ULIB
008    121221s2547||||th 000 0 tha d
020    ^a9747068958
060 04 ^aWJ3368^bส979ต 2547
245 00 ^aตำราการปลูกถ่ายไต =^bTextbook of kidney transplantation /^c[บรรณาธิการ], โสภณ จิรสิริธรรม ... [และคนอื่นๆ]
246 31 ^aTextbook of kidney transplantation
250    ^aพิมพ์ครั้งที่ 1
260    ^aกรุงเทพฯ :^bกรุงเทพเวชสาร,^c2547
300    ^aก-ฏ, 554 หน้า :^bภาพประกอบ ;^c30 ซม.
650  2 ^aKidney transplantation
650  7 ^aไต, การปลูกถ่าย
653    ^aผลงานอาจารย์คณะแพทยศาสตร์ศิริราชพยาบาล
700 0  ^aโสภณ จิรสิริธรรม,^eบรรณาธิการ
945    ^p600^l0^i12938
945    ^p600^l0^i12939
945    ^p600^l0^i12940
995    ^aทศพร
999    ^aทศพร เกษรทอง
รายการนี้ยังไม่มีแท็ก
คุณยังไม่ได้ล็อกอิน คุณสามารถมีกิจกรรมร่วมกับเว็บไซต์ได้ แต่ต้องล็อกอินก่อน ::
  ล็อกอิน

รายการสื่อสารสนเทศ

ลำดับที่ ประเภท เลขเรียก/บาร์โค้ด สถานที่ สถานะ
1. วิทยาศาสตร์การแพทย์ และสุขภาพ
วิทยาศาสตร์การแพทย์ และสุขภาพ
WJ3368 ส979ต 2547 ฉ.1 
  Barcode: 12938
ห้องสมุดวิทยาเขตสวรรค์ประชารักษ์
►หนังสือทั่วไป
บนชั้น
2. วิทยาศาสตร์การแพทย์ และสุขภาพ
วิทยาศาสตร์การแพทย์ และสุขภาพ
WJ3368 ส979ต 2547 ฉ.2 
  Barcode: 12939
ห้องสมุดวิทยาเขตสวรรค์ประชารักษ์
►หนังสือทั่วไป
บนชั้น
3. วิทยาศาสตร์การแพทย์ และสุขภาพ
วิทยาศาสตร์การแพทย์ และสุขภาพ
WJ3368 ส979ต 2547 ฉ.3 
  Barcode: 12940
ห้องสมุดวิทยาเขตสวรรค์ประชารักษ์
►หนังสือทั่วไป
บนชั้น

BibComment


ยังไม่เคยถูกคอมเมนท์

คอมเมนท์ทรัพยากรรายการนี้
  คอมเมนท์: ตำราการปลูกถ่ายไ..


 Copyright 2026. Bcnsprnw @Library